| 000 | 00412nam a2200157Ia 4500 | ||
|---|---|---|---|
| 008 | 210716s2002 xx 000 0 und d | ||
| 020 | _a8178086336 | ||
| 041 | _aeng | ||
| 082 | _a174.4 VELM | ||
| 100 | _aVelasquez, Manuel G. | ||
| 245 |
_aBusiness Ethics: concepts and cases. _bConcepts and cases. |
||
| 250 | _a6 | ||
| 260 |
_aNew Delhi _bPearson Education _c2002 |
||
| 300 | _ax,437/2011 | ||
| 650 | _aNone | ||
| 999 |
_c207570 _d207570 |
||